00323 2200133 4500001002100000005001500021035002000036245006200056300000800118260003100126082000800157084001200165990001200177INLIS00000000000241120250528122701 a0010-0525000703 aLupus ABG Grafiti di ,Meja Ulangan /cHilman & Boim Lebon a132 aJakarta :bGramedia,c2004 a813 a813 LUP a0713428